000 00346nam a2200157Ia 4500
003 0STCL
008 150530s9999 xx 000 0 und d
040 _aSTCL
_cSTCL
100 _aJohn Cheever
245 _aOh what a paradise it seems
260 _c1982
546 _aEnglish
942 _2ddc
_cBK
999 _c67539
_d67539
005 20220125171345.0